نباتات قورآن (Record no. 173158)

MARC details
000 -LEADER
fixed length control field 00672nam a22001937a 4500
005 - DATE AND TIME OF LATEST TRANSACTION
control field 20200219150215.0
010 ## - LCCN (DPL NO)
LC control number B-12665
020 ## - INTERNATIONAL STANDARD BOOK NUMBER
Terms of availability 50.00
035 ## - SYSTEM CONTROL NUMBER
System control number B-12665
037 ## - SOURCE OF ACQUISITION
Source of stock number/acquisition BPPD/Pub.
082 ## - DEWEY DECIMAL CLASSIFICATION NUMBER
Classification number 615.535
100 ## - MAIN ENTRY--PERSONAL NAME
Personal name محمد اقترار حسین فاروقی
245 ## - TITLE STATEMENT
Title نباتات قورآن
Statement of responsibility, etc محمد اقترار حسین فاروقی
246 ## - VARYING FORM OF TITLE
Title proper/short title Nabayat Quran: Ek Siyansi Jaizah (urdu) /
Remainder of title by Mohammed Iqtrar Hussain Farooqi
260 ## - PUBLICATION, DISTRIBUTION, ETC. (IMPRINT)
Name of publisher, distributor, etc Sabri Brothers
Date of publication, distribution, etc 1996 ء
Place of publication, distribution, etc Lahore
270 ## - ADDRESS
Address Pehli Manzil, Ameen Medicine Market, Chowk Urdu Bazar
City Lahore
300 ## - PHYSICAL DESCRIPTION
Extent 223p.
Dimensions 22cm(Hb)
942 ## - ADDED ENTRY ELEMENTS (KOHA)
Source of classification or shelving scheme Dewey Decimal Classification
Item type Urdu Bks
Classification part 615.535
Call number suffix ف ا ر
Holdings
Withdrawn status Lost status Not for loan Collection code Home library Current library Date acquired Source of acquisition Cost, normal purchase price Full call number Barcode Copy number Cost, replacement price Koha item type
      Non-fiction Central Library Central Library 19/02/2020 BPPD/Ven. 50.00 615.535 ف ا ر B-12665 1 50.00 Urdu Bks

© Delhi Public Library
Hit Counter
free hit counter